[Event "Vojens Sonderjysk"]
[Site "Vojens"]
[Date "2011.05.09"]
[Round "2"]
[White "Jensen, Godtfred Sloth"]
[Black "Brautsch, Soren"]
[Result "0-1"]
[WhiteElo "1898"]
[BlackElo "2200"]
[PlyCount "138"]
[EventDate "2011.05.02"]
[EventType "tourn"]
[EventRounds "7"]
[EventCountry "DEN"]
[SourceTitle "EXT 2018"]
[Source "ChessBase"]
[SourceDate "2017.10.13"]
[SourceVersion "1"]
[SourceVersionDate "2017.10.13"]
[SourceQuality "1"]

1. e4 Nf6 2. Nc3 e5 3. Nf3 Bb4 4. Bc4 0-0 5. d3 d5 6. exd5 Nxd5 7. Bd2 Bxc3 8. bxc3 Bg4 9. h3 Bh5 10. 0-0 Nb6 11. Bb3 Nc6 12. Re1 Re8 13. g4 Bg6 14. Ng5 h6 15. Ne4 Kh7 16. Qf3 Rf8 17. Ng3 Qd7 18. Kg2 Rad8 19. Rad1 Nd5 20. h4 f6 21. h5 Bf7 22. Qe4+ Kh8 23. f3 Be6 24. d4 exd4 25. Qxe6 Qxe6 26. Rxe6 dxc3 27. Bxd5 Rxd5 28. Ne4 Rfd8 29. Nxc3 Rxd2+ 30. Rxd2 Rxd2+ 31. Kg3 Rxc2 32. Nb5 Ne5 33. Re7 Rxa2 34. Rxc7 a6 35. Nd6 Ra3 36. Nf5 Rxf3+ 37. Kg2 Rf4 38. Rxb7 Rxg4+ 39. Kh3 Rg5 40. Ng3 f5 41. Ra7 f4 42. Ne4 Rxh5+ 43. Kg2 Rh4 44. Nf2 f3+ 45. Kg3 Ra4 46. Re7 Nc6 47. Re8+ Kh7 48. Kxf3 a5 49. Ra8 Rc4 50. Nd1 g5 51. Ne3 Rc1 52. Ra6 h5 53. Nd5 Rc4 54. Nf6+ Kg6 55. Nd7 Rc3+ 56. Ke4 Kg7 57. Ra8 g4 58. Rc8 g3 59. Ne5 g2 60. Rc7+ Kh6 61. Nf7+ Kg6 62. Nh8+ Kf6 63. Rf7+ Ke6 64. Rg7 Rc4+ 65. Kf3 Rg4 66. Rxg4 hxg4+ 67. Kxg2 a4 68. Ng6 a3 69. Nf4+ Kf5 0-1